О конденсации паров путем адиабатного расширения их смеси с воздухом в связи с изменением энтропии при испарении; Журнал Русского физико-химического общества. Часть химическая; Т. 61, вып. 9

Chi tiết về thư mục
Parent link:Журнал Русского физико-химического общества. Часть химическая
Т. 61, вып. 9.— 1929.— С. 1833-1848
Tác giả chính: Танцов Н. В.
Ngôn ngữ:Tiếng Nga
Được phát hành: 1929
Những chủ đề:
Định dạng: MixedMaterials Chương của sách
KOHA link:https://koha.lib.tpu.ru/cgi-bin/koha/opac-detail.pl?biblionumber=591442

MARC

LEADER 00000naa0a2200000 4500
001 591442
005 20250103191400.0
035 |a (RuTPU)RU\TPU\tpu\1755 
035 |a TPU00001755 
090 |a 591442 
100 |a 20011210d1929 k||y0rusy50 ca 
101 0 |a rus 
102 |a RU 
200 1 |a О конденсации паров путем адиабатного расширения их смеси с воздухом в связи с изменением энтропии при испарении  |f Н. В. Танцов 
461 |t Журнал Русского физико-химического общества. Часть химическая 
463 |t Т. 61, вып. 9  |v С. 1833-1848  |d 1929 
610 1 |a химические науки 
610 1 |a труды учёных ТПУ 
700 1 |a Танцов  |b Н. В. 
801 0 |a RU  |b 63413507  |c 20011210  |g PSBO 
801 2 |a RU  |b 63413507  |c 20060216  |g PSBO 
942 |c CR